Zhodnotenie a návrh vernostných programov vo vybraných spoločnostiach diplomová práca

Salvato in:
Dettagli Bibliografici
Autore principale: Lukáčová, Viera
Ente Autore: Podnikovohospodárska fakulta EU so sídlom v Košiciach. Katedra marketingu a obchodu
Altri autori: Naščáková, Jana
Natura: Libro
Lingua:slovacco
Pubblicazione: Košice 2013
Tags: Aggiungi Tag
Nessun Tag, puoi essere il primo ad aggiungerne!!

MARC

LEADER 00000nbm a2200000 4500
001 0170369
005 20161109102341.0
041 0 |a slo 
044 |a SK 
245 1 0 |a Zhodnotenie a návrh vernostných programov vo vybraných spoločnostiach  |b diplomová práca  |c Viera Lukáčová ; školiteľ: Jana Naščáková 
264 1 |a Košice  |c 2013 
300 |a 74 s. 
100 1 |a Lukáčová, Viera 
700 1 |a Naščáková, Jana 
710 2 |a Podnikovohospodárska fakulta EU so sídlom v Košiciach. Katedra marketingu a obchodu